000
00375nam a2200181Ia 4500
003
IT-RoPAU
008
120407s9999 xx 000 0 und d
040
_a
IT-RoPAU
040
_c
IT-RoPAU
100
_a
Helder Camara
100
_c
dom
245
_a
Le conversioni di un vescovo
250
_a
Torino
260
_a
Sei
300
_c
cm
490
_v
1
942
_c
BK
999
_c
11573
_d
11573